Common birds of Egypt = طيور مصر الشائعة
محفوظ في:
المؤلف الرئيسي:
مؤلفون آخرون:
التنسيق: كتاب
اللغة: Undetermined
منشور في:
Cairo :
The American University in Cairo pres,
1990.
الوسوم: إضافة وسم
لا توجد وسوم, كن أول من يضع وسما على هذه التسجيلة!
رقم الطلب: QL692 .B78
| LEADER | 00459nam a2200145Ia 4500 | ||
|---|---|---|---|
| 008 | 240329s9999||||xx |||||||||||||| ||und|| | ||
| 020 | |a 9789774242397 | ||
| 050 | 4 | |a QL692 .B78 | |
| 100 | 1 | |a Bertel Bruun,. | |
| 245 | 1 | 0 | |a Common birds of Egypt = طيور مصر الشائعة |c Bertel Bruun, |
| 264 | 1 | |a Cairo : |b The American University in Cairo pres, |c 1990. | |
| 300 | |a 42 |b maps, col. plates |c 22CM | ||
| 700 | 1 | |a Sharif Baha al-Din. | |
| 942 | |2 lcc |c BK | ||
| 999 | |c 57717 |d 57717 | ||
